|
|
|
|
| LEADER |
01719nmm a2200433 a 4500 |
| 001 |
001094909 |
| 003 |
CZ BrMZK |
| 005 |
20100921105933.0 |
| 006 |
m^^^^f^^^d^^^^^^^^ |
| 007 |
co cgu mnna| |
| 008 |
100317s2010 xr e d cze |
| 020 |
|
|
|a 978-80-245-1503-8
|q (CDR)
|
| 040 |
|
|
|a BOA001
|b cze
|
| 072 |
|
7 |
|a 368
|x Pojišťovnictví
|2 Konspekt
|9 4
|
| 072 |
|
7 |
|a 37.016
|x Učební osnovy. Vyučovací předměty. Učebnice
|2 Konspekt
|9 22
|
| 080 |
|
|
|a 368:51-7
|2 MRF
|
| 080 |
|
|
|a 368.91
|2 MRF
|
| 080 |
|
|
|a 368
|2 MRF
|
| 080 |
|
|
|a (07)
|2 MRF
|
| 080 |
|
|
|a (0.034.44)
|2 MRF
|
| 100 |
1 |
|
|a Radová, Jarmila
|7 vse2005270987
|4 aut
|
| 245 |
1 |
0 |
|a Pojistná matematika
|h [elektronický zdroj] :
|b 1BP305 : e-learningová opora /
|c Jarmila Radová
|
| 246 |
3 |
0 |
|a 1BP305
|
| 256 |
|
|
|a Data (5,74 MB)
|
| 260 |
|
|
|a Praha :
|b Vysoké učení technické,
|c 2009
|
| 300 |
|
|
|a 1 CD-ROM :
|b barev. ;
|c 12 cm
|
| 500 |
|
|
|a Název z tit. obrazovky
|
| 500 |
|
|
|a Nad názvem: Vysoká škola ekonomická, Fakulta financí a účetnictví, katedra bankovnictví a pojišťovnictví
|
| 538 |
|
|
|a Požadavky na systém: mechanika CD-ROM, Adobe Acrobat Reader
|
| 650 |
0 |
7 |
|a pojistná matematika
|7 ph124212
|2 czenas
|
| 650 |
0 |
7 |
|a životní pojištění
|7 ph128027
|2 czenas
|
| 650 |
0 |
7 |
|a pojišťovnictví
|7 ph124214
|2 czenas
|
| 655 |
|
7 |
|a učební texty
|7 fd133599
|2 czenas
|
| 655 |
|
7 |
|a CD-ROM
|7 fd133955
|2 czenas
|
| 710 |
2 |
|
|a Vysoká škola ekonomická v Praze.
|b Katedra bankovnictví a pojišťovnictví
|7 kn20040408006
|
| 910 |
2 |
|
|a BOA001
|b CDR-1241.240
|
| 990 |
|
|
|a CF
|
| 991 |
|
|
|b 201009
|c NOV
|e n
|
| 996 |
3 |
|
|b 2610433833
|c CDR-1241.240
|l Stud. periodik/2.patro
|r Sklad / do 1 hodiny
|n 0
|p p.v.
|w 001120740
|u 000010
|a 1
|e BOA001
|j MZK50
|s N
|